Socio-political crisis in the Niger Delta

Saved in:
Bibliographic Details
Main Author: MORO, Alexander Iebiminih
Format: Book
Language:English
Published: 2009
Tags: Add Tag
No Tags, Be the first to tag this record!

MARC

LEADER 00000nam a22000007a 4500
008 201218b ||||| |||| 00| 0 eng d
020 |a 978-978-029-849-4 
100 |a MORO, Alexander Iebiminih 
245 |a Socio-political crisis in the Niger Delta  |c Best, Shedrack Gaya.Alexander Iebiminih Moro 
260 |c 2009  |h lbadan  |i 691842   |l DT515.9 .N446M82 
942 |a lcc  |c BK  |e ogunleye 
952 |0 0  |1 0  |2 lcc  |4 0  |6 DT05159 N446 M82  |7 0  |9 828  |a HOL  |b HOL  |d 2020-12-18  |l 0  |o DT515.9 .N446M82  |p 2020-230041  |r 2020-12-18 00:00:00  |w 2020-12-18  |y BK 
999 |c 466  |d 466